[Event "World ol U16"]
[Site "Eindhoven"]
[Date "2023.08.15"]
[Round "5.28"]
[White "Kigundu, Ethan"]
[Black "Saipetch, Kai"]
[Result "1/2-1/2"]
[WhiteElo "1632"]
[BlackElo "1340"]
[PlyCount "47"]
[EventDate "2023.08.13"]
[EventType "team-swiss"]
[EventRounds "9"]
[EventCountry "NED"]
[SourceTitle "CBM 215 Extra"]
[Source "ChessBase"]
[SourceDate "2023.09.30"]
[SourceVersion "1"]
[SourceVersionDate "2023.09.30"]
[SourceQuality "1"]
[WhiteTeam "Uganda II"]
[BlackTeam "Thailand"]
[WhiteTeamCountry "UGA"]
[BlackTeamCountry "THA"]

1. d4 d5 2. c4 e6 3. Nc3 Nf6 4. Nf3 c6 5. e3 Nbd7 6. Bd3 Bd6 7. 0-0 0-0 8. e4 dxe4 9. Nxe4 Nxe4 10. Bxe4 Nf6 11. Bc2 Qc7 12. Bg5 b5 13. cxb5 cxb5 14. Qd3 Qc4 15. Bxf6 Qxd3 16. Bxd3 gxf6 17. Be4 Rb8 18. Rac1 f5 19. Bc6 Ba6 20. Rfe1 Bf4 21. Rc5 Bd6 22. Rcc1 Bf4 23. Rc5 Bd6 24. Rcc1 1/2-1/2

[Event "Thailand Pattaya U12 op 2nd"]
[Site "Pattaya"]
[Date "2019.10.21"]
[Round "5"]
[White "Saipetch, Kai"]
[Black "Mohd Faizal, Muhd Harris Hasief"]
[Result "0-1"]
[WhiteElo "1294"]
[BlackElo "1179"]
[PlyCount "66"]
[EventDate "2019.10.19"]
[EventType "swiss"]
[EventRounds "9"]
[EventCountry "THA"]
[SourceTitle "CBM 193 Extra"]
[Source "ChessBase"]
[SourceDate "2020.01.31"]
[SourceVersion "1"]
[SourceVersionDate "2020.01.31"]
[SourceQuality "1"]

1. e4 e6 2. d4 d5 3. Bd3 c5 4. exd5 exd5 5. Nf3 Nc6 6. Be3 Bg4 7. c3 cxd4 8. cxd4 Nf6 9. 0-0 Bd6 10. Nc3 0-0 11. Bg5 Be7 12. Be3 Re8 13. h3 Bh5 14. a3 a6 15. Qc2 Bxf3 16. gxf3 h6 17. Kh1 g6 18. Bxh6 Nxd4 19. Qb1 Qd7 20. Kg2 Nxf3 21. Rh1 Ne5 22. Bc2 d4 23. f4 dxc3 24. fxe5 Qd5+ 25. Kg1 Bc5+ 26. Kh2 Qxe5+ 27. Kg2 Qd5+ 28. Kh2 Re2+ 29. Kg3 Bd6+ 30. Bf4 Nh5+ 31. Kg4 Qg2+ 32. Kh4 Be7+ 33. Bg5 Qxg5# 0-1

[Event "Laos op"]
[Site "Vientiane"]
[Date "2018.01.06"]
[Round "6"]
[White "Saipetch, Kai"]
[Black "Burbach, Anya Belle"]
[Result "1-0"]
[WhiteElo "1211"]
[BlackElo "1189"]
[PlyCount "51"]
[EventDate "2018.01.03"]
[EventType "swiss"]
[EventRounds "9"]
[EventCountry "LAO"]
[SourceTitle "CBM 182 Extra"]
[Source "ChessBase"]
[SourceDate "2018.02.23"]
[SourceVersion "1"]
[SourceVersionDate "2018.02.23"]
[SourceQuality "1"]

1. e4 e5 2. Nf3 Nf6 3. Nc3 Bb4 4. d3 d6 5. Be3 Bxc3+ 6. bxc3 Be6 7. d4 c6 8. Bd3 0-0 9. 0-0 Nbd7 10. a3 exd4 11. cxd4 Nb6 12. Qe2 Re8 13. c3 Bg4 14. Qc2 Bxf3 15. gxf3 Rc8 16. Kh1 c5 17. Qd2 Qd7 18. Rg1 Kh8 19. Rg3 Rg8 20. Rag1 c4 21. Be2 Qe7 22. Qc1 d5 23. e5 Nfd7 24. Qb1 f6 25. Qxh7+ Kxh7 26. Rh3# 1-0

[Event "Laos op"]
[Site "Vientiane"]
[Date "2018.01.03"]
[Round "1"]
[White "Chin, Fong Stephen"]
[Black "Saipetch, Kai"]
[Result "1-0"]
[WhiteElo "2127"]
[BlackElo "1211"]
[PlyCount "55"]
[EventDate "2018.01.03"]
[EventType "swiss"]
[EventRounds "9"]
[EventCountry "LAO"]
[SourceTitle "CBM 182 Extra"]
[Source "ChessBase"]
[SourceDate "2018.02.23"]
[SourceVersion "1"]
[SourceVersionDate "2018.02.23"]
[SourceQuality "1"]

1. e4 e6 2. Nf3 d5 3. Nc3 Nf6 4. e5 Nfd7 5. d4 c5 6. Bf4 Qb6 7. Be2 Nc6 8. 0-0 Nxd4 9. Nxd4 cxd4 10. Nb5 Bc5 11. a4 a5 12. Qd3 Nb8 13. Rad1 Nc6 14. Qg3 Kf8 15. h4 Bd7 16. h5 Na7 17. h6 g6 18. Nd6 Bxd6 19. exd6 Qxb2 20. Qg5 Nc6 21. Rb1 Qxc2 22. Qf6 Rg8 23. Rxb7 Qf5 24. Qxf5 gxf5 25. Rxd7 e5 26. Rc1 Rc8 27. Bh5 exf4 28. Rxf7+ 1-0